| 000 | 01081cam a2200313 a 4500 | ||
|---|---|---|---|
| 001 | 15611573 | ||
| 003 | OSt | ||
| 005 | 20140310182728.0 | ||
| 008 | 090204s2009 nyuab b 001 0 eng | ||
| 010 | _a 2009004159 | ||
| 020 | _a9780525951032 (hardcover) | ||
| 020 | _a9780452295926 | ||
| 020 | _z9780525950132 | ||
| 035 | _a(OCoLC)ocn268795195 | ||
| 040 |
_aDLC _cDLC _dYDX _dBTCTA _dOCO _dZS3 _dUPZ _dSGB _dYDXCP _dVP@ _dDLC |
||
| 050 | 0 | 0 |
_aRJ 506.A9 _b.M42527 2009 |
| 100 | 1 |
_aMcCarthy, Jenny. _d1972- |
|
| 245 | 1 | 0 |
_aHealing and preventing autism : _ba complete guide / _cJenny McCarthy and Jerry Kartzinel. |
| 260 |
_aNew York : _bPlume Book: _c2009. |
||
| 300 |
_a400 p. : _bill., map ; _c25 cm. |
||
| 521 | _aEDU | ||
| 650 | 0 |
_aAutism in children _vPopular works. |
|
| 700 | 1 | _aKartzinel, Jerry. | |
| 906 |
_a7 _bcbc _corignew _d1 _eecip _f20 _gy-gencatlg |
||
| 942 |
_2lcc _cBK _kFOR |
||
| 999 |
_c15427 _d15427 |
||